Statistics for England FIFA World Cup Squad 1970

Click here to take the quiz!

General Stats

  • This quiz has been taken 19 times
  • The average score is 15 of 22

Answer Stats

Squad No.Pos.ClubPlayer% Correct
9.MFManchester UtdBobby Charlton
94%
6. (c)DFWest Ham UnitedBobby Moore
94%
1.GKStoke CityGordon Banks
94%
17.DFLeeds UnitedJack Charlton
94%
8.MFEvertonAlan Ball
83%
12.GKChelseaPeter Bonetti
83%
10.FWWest Ham UnitedGeoff Hurst
78%
11.MFTottenham HotspurMartin Peters
78%
15.DFManchester UtdNobby Stiles
78%
22.FWWest Bromwich AlbionJeff Astle
72%
13.GKManchester UtdAlex Stepney
67%
21.FWLeeds UnitedAllan Clarke
67%
7.FWManchester CityFrancis Lee
67%
18.DFLeeds UnitedNorman Hunter
67%
4.MFTottenham HotspurAlan Mullery
61%
19.MFManchester CityColin Bell
56%
20.FWChelseaPeter Osgood
56%
3.DFLeeds UnitedTerry Cooper
56%
5.DFEvertonBrian Labone
44%
16.MFLiverpoolEmlyn Hughes
44%
2.DFEvertonKeith Newton
44%
14.DFEvertonTommy Wright
44%

Score Distribution

Percentile by Number Answered

Percent of People with Each Score

Your Score History

You have not taken this quiz